Statistics for Cities in China over 3,000,000

Click here to take the quiz!

General Stats

  • This quiz has been taken 109 times
  • The average score is 25 of 34

Answer Stats

PopulationCity% Correct
45.6 mGuangzhou
100%
20.0 mBeijing
100%
7.80 mChongqing
98%
29.5 mShanghai
98%
7.35 mHong Kong
98%
12.7 mTianjin
96%
9.80 mXiamen
96%
5.30 mHarbin
95%
6.75 mXi'an
95%
9.30 mChengdu
95%
8.70 mWuhan
95%
6.60 mNanjing
93%
8.25 mHangzhou
89%
7.85 mShenyang
84%
5.90 mQingdao
84%
4.5 mDalian
84%
3.97 mÜrümqi
84%
5.40 mZhengzhou
76%
4.55 mChangsha
71%
4.67 mHefei
69%
3.52 mNanning
65%
7.70 mShantou
64%
4.05 mKunming
64%
4.15 mFuzhou
64%
5.30 mWenzhou
60%
4.15 mJinan
56%
3.65 mChangchun
51%
3.17 mWuxi
51%
3.20 mNingbo
47%
4.22 mShijiazhuang
45%
4.07 mTaiyuan
35%
4.07 mNanchang
33%
3.40 mZibo
29%
3.45 mGuiyang
27%

Score Distribution

Percentile by Number Answered

Percent of People with Each Score

Your Score History

You have not taken this quiz